000 00658nam a2200193 i 4500
001 91250
003 ES-MaACL
005 20230906180656.0
007 t|
008 050128s1973 sp ||||1| spa d
100 1 _aLe Pelley, R. H.
_970909
245 1 4 _aLas plagas del café /
_cR.H. Le Pelley ; [traducción: José Cuello Subirana, Jordi Lleonart Aliberas, Pere Juan León].
260 _aBarcelona, etc. :
_bLabor,
_c[1973]
300 _aXIV, 693 p., 5 lám. :
_bil. ;
_c22 cm.
700 1 _aCuello Subirana, José.
_941991
700 1 _aLleonart Aliberas, Jordi.
_972761
700 1 _aJuan León, Pere.
_967126
852 _aES-MaACL
_jC-53313
_bR.86300
999 _c91250
_d91250